000 00702nam a22002057a 4500
003 koha_MIRAKIL
005 20260107105536.0
008 260107b tur||||| |||| 00| 0 tur d
020 _a9786050614800
040 _aTR-IsEVY
_btur
_cTR-IsEVY
082 _aFIC REY/S
100 _aReynolds, Paul A.
245 0 _aSidney & Simon :
_bçiçek kurtarma operasyonu /
_cPaul A. Reynolds ; resimleyen Peter H. Reynolds.
250 _a5. bs.
260 _aİstanbul :
_bUyurgezer Kitap,
_c2023.
300 _a48 s. :
_brenkli resimli ;
_c23 cm.
650 _aÇocuk Edebiyatı.
_vÇocuk Romanı.
_vProblem Çözme Becerileri.
_vYaratıcılık.
700 1 _aReynolds, Peter H.
_cresimleyen.
942 _2ddc
_cBK
999 _c23215
_d23215